000 00926nam a22002651u 4500
001 05544
003 HDC
007 cr bn ---
008 210120p xx fo d 00 engg
040 _aHDC
100 _aSinskey, Anthony J.
_95806
245 0 _aBuilding Successful Business Through Research and Development /
_cby Anthony J. Sinskey
260 _a[No place] :
_b[publisher not identified],
_c2011
300 _a90 pages :
_bIllustrations
336 _atext
_2rdacontent
337 _acomputer
_2rdamedia
338 _aonline resource
_2rdacarrier
650 _aBusiness Through Research
_95808
650 _aHalal industry
_9144
650 _aScientific Innovation
_95807
856 _zRequest full-text at [email protected]
942 _2lcc
942 _cSLIDE
942 _kSLID 000436
999 _c2868
_d2868